[Event "Tres Cantos op 3rd"]
[Site "Tres Cantos"]
[Date "2011.06.29"]
[Round "8"]
[White "Rodriguez Alonso, Marcos"]
[Black "Picon Rodriguez, Jose"]
[Result "0-1"]
[WhiteElo "1513"]
[BlackElo "1990"]
[PlyCount "82"]
[EventDate "2011.06.22"]
[EventType "swiss"]
[EventRounds "9"]
[EventCountry "ESP"]
[SourceTitle "EXT 2012"]
[Source "ChessBase"]
[SourceDate "2011.11.24"]
[SourceVersion "1"]
[SourceVersionDate "2011.11.24"]
[SourceQuality "1"]

1. e4 c5 2. Nf3 d6 3. d4 cxd4 4. Nxd4 Nf6 5. Nc3 a6 6. Be2 e6 7. Be3 Be7 8. 0-0 0-0 9. Kh1 Qc7 10. f4 Nc6 11. Bf3 Bd7 12. a3 Rac8 13. Qe1 Nxd4 14. Bxd4 Bc6 15. Qg3 Rfd8 16. Rae1 b5 17. Be3 Qb7 18. e5 Ne8 19. Qg4 b4 20. axb4 Qxb4 21. Bc1 dxe5 22. fxe5 Qxg4 23. Bxg4 Bb4 24. Re3 Rd4 25. h3 g6 26. Ne2 Rd7 27. Nf4 Ng7 28. Rg3 Bb5 29. Be2 Bxe2 30. Nxe2 Rxc2 31. Nc3 Rc7 32. Rd3 Nf5 33. g4 Bxc3 34. bxc3 Ne7 35. Rd8+ Kg7 36. Bg5 R2xc3 37. Bf6+ Kh6 38. g5+ Kh5 39. Rh8 Rxh3+ 40. Kg2 Rh4 41. Rxh7+ Kg4 0-1

[Event "Collado Villalba op-A 25th"]
[Site "Collado Villalba"]
[Date "2008.08.23"]
[Round "2"]
[White "Picon Rodriguez, Jose"]
[Black "Ibanez Aullana, Jose Ramon"]
[Result "0-1"]
[WhiteElo "2040"]
[BlackElo "2301"]
[PlyCount "50"]
[EventDate "2008.08.22"]
[EventType "swiss"]
[EventRounds "9"]
[EventCountry "ESP"]
[SourceTitle "CBM 126 Extra"]
[Source "ChessBase"]
[SourceDate "2008.11.05"]
[SourceVersion "1"]
[SourceVersionDate "2008.11.05"]
[SourceQuality "1"]

1. e4 e6 2. d4 d5 3. Nc3 Nf6 4. e5 Ne4 5. Nxe4 dxe4 6. Be3 c5 7. Bb5+ Bd7 8. Bxd7+ Nxd7 9. f4 exf3 10. Nxf3 cxd4 11. Bxd4 Qc7 12. 0-0 Bc5 13. c3 Nxe5 14. Nxe5 Qxe5 15. Qa4+ Ke7 16. Rae1 Qd6 17. Bxc5 Qxc5+ 18. Kh1 h5 19. Rxf7+ Kxf7 20. Qd7+ Kg8 21. Qxe6+ Kh7 22. Re5 Rhf8 23. h4 Rf1+ 24. Kh2 Qc7 25. Kh3 g6 0-1

[Event "Collado Villalba op 24th"]
[Site "Collado Villalba"]
[Date "2007.08.24"]
[Round "2"]
[White "Rodriguez Gonzalez, Javier"]
[Black "Picon Rodriguez, Jose"]
[Result "1-0"]
[WhiteElo "2261"]
[BlackElo "2042"]
[PlyCount "63"]
[EventDate "2007.08.23"]
[EventType "swiss"]
[EventRounds "9"]
[EventCountry "ESP"]
[SourceTitle "EXT 2008"]
[Source "ChessBase"]
[SourceDate "2007.11.25"]
[SourceVersion "1"]
[SourceVersionDate "2007.11.25"]
[SourceQuality "1"]

1. d4 Nf6 2. Bg5 e6 3. e4 h6 4. Bxf6 Qxf6 5. Nc3 d6 6. Qd2 g5 7. Nge2 Bg7 8. g3 Nc6 9. 0-0-0 Qf3 10. Rg1 Qxf2 11. Nb5 0-0 12. Nxc7 Rb8 13. Nb5 Rd8 14. Bg2 Qf6 15. Rdf1 Qe7 16. Bf3 Bd7 17. Bh5 Rf8 18. h4 a6 19. Nbc3 b5 20. Nd1 f5 21. exf5 exf5 22. Re1 Qf6 23. hxg5 hxg5 24. Bf3 Ne7 25. Rh1 Bc6 26. Bxc6 Nxc6 27. Rh5 f4 28. gxf4 gxf4 29. Nec3 Ne7 30. Qd3 Nf5 31. Nd5 Qf7 32. Rxf5 1-0

[Event "Madrid op"]
[Site "Madrid"]
[Date "2006.10.28"]
[Round "8"]
[White "Holdsworth, Simon P"]
[Black "Picon Rodriguez, Jose"]
[Result "0-1"]
[WhiteElo "2072"]
[BlackElo "2027"]
[PlyCount "74"]
[EventDate "2006.10.06"]
[EventType "swiss"]
[EventRounds "9"]
[EventCountry "ESP"]
[SourceTitle "EXT 2007"]
[Source "ChessBase"]
[SourceDate "2006.11.23"]
[SourceVersion "1"]
[SourceVersionDate "2006.11.23"]
[SourceQuality "1"]

1. f4 c5 2. Nf3 Nc6 3. e4 d5 4. e5 Bg4 5. Be2 e6 6. 0-0 c4 7. d4 cxd3 8. cxd3 Bc5+ 9. Kh1 Nge7 10. Nc3 a6 11. Nh4 Bxe2 12. Qxe2 Ng6 13. Nf3 Nge7 14. Na4 Ba7 15. Be3 d4 16. Bf2 b5 17. Qc2 bxa4 18. Qxa4 Qa5 19. Qxa5 Nxa5 20. Nxd4 0-0 21. b4 Bxd4 22. Bxd4 Nac6 23. Bc5 Rfd8 24. Rfd1 Nd5 25. a3 Nxf4 26. d4 Nd5 27. Rac1 Nce7 28. Rf1 Rd7 29. Rf3 h6 30. g4 Ng6 31. Rcf1 a5 32. b5 a4 33. b6 Rb7 34. Bd6 Nh8 35. Bc5 Ra5 36. Rb1 Ng6 37. Rbf1 Rb5 0-1

[Event "Madrid op"]
[Site "Madrid"]
[Date "2006.10.08"]
[Round "3"]
[White "Picon Rodriguez, Jose"]
[Black "Fernandez Lledo, Javier"]
[Result "1-0"]
[WhiteElo "2027"]
[BlackElo "1907"]
[PlyCount "47"]
[EventDate "2006.10.06"]
[EventType "swiss"]
[EventRounds "9"]
[EventCountry "ESP"]
[SourceTitle "EXT 2007"]
[Source "ChessBase"]
[SourceDate "2006.11.23"]
[SourceVersion "1"]
[SourceVersionDate "2006.11.23"]
[SourceQuality "1"]

1. e4 c5 2. Nf3 Nc6 3. d4 cxd4 4. Nxd4 Nf6 5. Nc3 e5 6. Ndb5 d6 7. Bg5 a6 8. Na3 b5 9. Bxf6 gxf6 10. Nd5 f5 11. c3 fxe4 12. Bxb5 axb5 13. Nxb5 Be6 14. Nbc7+ Kd7 15. Nxa8 Bxd5 16. Qxd5 Qxa8 17. Qxf7+ Ne7 18. 0-0 Bh6 19. Rad1 e3 20. Qf6 Rg8 21. Qxd6+ Ke8 22. Qd7+ Kf7 23. fxe3+ Kg6 24. Rd6+ 1-0

[Event "Madrid op"]
[Site "Madrid"]
[Date "2006.10.07"]
[Round "2"]
[White "Picon Rodriguez, Jose"]
[Black "Martinez Rubio, Felipe"]
[Result "0-1"]
[WhiteElo "2027"]
[BlackElo "1904"]
[PlyCount "30"]
[EventDate "2006.10.06"]
[EventType "swiss"]
[EventRounds "9"]
[EventCountry "ESP"]
[SourceTitle "EXT 2007"]
[Source "ChessBase"]
[SourceDate "2006.11.23"]
[SourceVersion "1"]
[SourceVersionDate "2006.11.23"]
[SourceQuality "1"]

1. e4 c5 2. Nf3 e6 3. d4 cxd4 4. Nxd4 Nf6 5. Nc3 Nc6 6. Ndb5 Bb4 7. Bf4 Nxe4 8. Nc7+ Kf8 9. Qf3 d5 10. Rd1 Qf6 11. Nxa8 Nd4 12. Qd3 Qxf4 13. Qxd4 Bc5 14. Nxe4 Bxd4 15. Rxd4 f5 0-1

[Event "Madrid San Viator 5th"]
[Site "Madrid"]
[Date "2006.06.18"]
[Round "8.2"]
[White "Picon Rodriguez, Jose"]
[Black "Barahona Torrijos, Angel"]
[Result "0-1"]
[WhiteElo "2009"]
[BlackElo "2046"]
[PlyCount "46"]
[EventDate "2006.05.07"]
[EventType "swiss"]
[EventRounds "9"]
[EventCountry "ESP"]
[SourceTitle "EXT 2024"]
[Source "ChessBase"]
[SourceDate "2023.10.10"]
[SourceVersion "1"]
[SourceVersionDate "2023.10.10"]
[SourceQuality "1"]

1. e4 e5 2. Nf3 Nc6 3. d4 exd4 4. Nxd4 Bc5 5. Nxc6 Qf6 6. Qd2 dxc6 7. Nc3 Bd4 8. Bd3 Nh6 9. h3 Qh4 10. g3 Qf6 11. Nd1 Be6 12. Qf4 Qe7 13. Be3 0-0-0 14. Qg5 f6 15. Qa5 Kb8 16. Bxd4 Rxd4 17. Nc3 f5 18. 0-0-0 fxe4 19. Bxe4 Rhd8 20. Rxd4 Rxd4 21. Bxh7 Bxh3 22. Bd3 Bg2 23. Rh2 Qe1+ 0-1

[Event "Madrid San Viator 5th"]
[Site "Madrid"]
[Date "2006.06.11"]
[Round "7.2"]
[White "Martinez Rubio, Felipe"]
[Black "Picon Rodriguez, Jose"]
[Result "0-1"]
[WhiteElo "1861"]
[BlackElo "2009"]
[PlyCount "147"]
[EventDate "2006.05.07"]
[EventType "swiss"]
[EventRounds "9"]
[EventCountry "ESP"]
[SourceTitle "EXT 2024"]
[Source "ChessBase"]
[SourceDate "2023.10.10"]
[SourceVersion "1"]
[SourceVersionDate "2023.10.10"]
[SourceQuality "1"]

1. d4 Nf6 2. Nf3 e6 3. Bf4 b6 4. e3 Bb7 5. Bd3 c5 6. c3 Be7 7. Nbd2 cxd4 8. exd4 0-0 9. 0-0 d6 10. Re1 Re8 11. Qc2 Nbd7 12. h3 Rc8 13. Ne4 Nxe4 14. Bxe4 Bxe4 15. Qxe4 Nf6 16. Qe2 Qd7 17. Rad1 b5 18. a3 a5 19. Nd2 d5 20. g4 b4 21. axb4 axb4 22. c4 dxc4 23. Nxc4 Nd5 24. Bg3 Qb5 25. Nd6 Qxe2 26. Rxe2 Bxd6 27. Bxd6 Red8 28. Bc5 Nf4 29. Red2 Nxh3+ 30. Kg2 Nf4+ 31. Kf3 Nd5 32. Rd3 Rb8 33. Rb3 h6 34. Ra1 Rb5 35. Ra4 Kh7 36. Ra7 Kg6 37. Kg3 Rdb8 38. f4 R8b7 39. Ra6 Nf6 40. Kf3 h5 41. gxh5+ Kxh5 42. Ra4 Nd5 43. Bf8 f6 44. Ra1 Rf7 45. Bc5 Kg6 46. Ke4 Rd7 47. Rg3+ Kf7 48. Rag1 Kg8 49. Rg6 Kh7 50. R6g3 Rbb7 51. f5 e5 52. dxe5 fxe5 53. Kxe5 Nf6 54. Rh1+ Kg8 55. Kf4 Rbc7 56. Bg1 Rc4+ 57. Kf3 Rd3+ 58. Kg2 Rc2+ 59. Kh3 Rxg3+ 60. Kxg3 Rxb2 61. Bd4 Rb3+ 62. Kf4 Kf7 63. Rg1 Rd3 64. Bxf6 Kxf6 65. Rg6+ Kf7 66. Rb6 Rb3 67. Ke5 Rb1 68. Rb7+ Kg8 69. Rb6 b3 70. f6 gxf6+ 71. Kxf6 b2 72. Rb8+ Kh7 73. Rb7+ Kh6 74. Rb3 0-1

[Event "Madrid San Viator 5th"]
[Site "Madrid"]
[Date "2006.05.07"]
[Round "1.3"]
[White "Picon Rodriguez, Jose"]
[Black "Peral Aparicio, Jesus"]
[Result "1-0"]
[WhiteElo "2009"]
[BlackElo "1740"]
[PlyCount "71"]
[EventDate "2006.05.07"]
[EventType "swiss"]
[EventRounds "9"]
[EventCountry "ESP"]
[SourceTitle "EXT 2024"]
[Source "ChessBase"]
[SourceDate "2023.10.10"]
[SourceVersion "1"]
[SourceVersionDate "2023.10.10"]
[SourceQuality "1"]

1. e4 c5 2. Nf3 d6 3. d4 cxd4 4. Nxd4 Nf6 5. Nc3 a6 6. Be2 e5 7. Nb3 Be7 8. 0-0 b5 9. a4 b4 10. Nd5 Nxd5 11. Qxd5 Ra7 12. Be3 Be6 13. Qd2 Rb7 14. a5 Qc8 15. Bb6 Bc4 16. Ra4 Bxe2 17. Qxe2 0-0 18. Rxb4 Qd7 19. Rd1 Qe6 20. Rc4 Rc8 21. Rxc8+ Qxc8 22. Rd2 Rd7 23. Qd1 Qb7 24. Rd5 Qc6 25. h3 Qc8 26. c3 Qc6 27. Na1 Bd8 28. Bxd8 Rxd8 29. Nc2 Qc7 30. Nb4 h6 31. Qd3 Qc8 32. Rxd6 Rxd6 33. Qxd6 f6 34. Nd5 Kh7 35. Qc7 Qe8 36. Nxf6+ 1-0

[Event "Mostoles"]
[Site "Mostoles"]
[Date "2005.06.21"]
[Round "8"]
[White "Fuentes Arjona, Antonio C"]
[Black "Picon Rodriguez, Jose"]
[Result "1-0"]
[WhiteElo "2056"]
[BlackElo "2074"]
[PlyCount "55"]
[EventDate "2005.05.18"]
[EventType "tourn"]
[EventRounds "10"]
[EventCountry "ESP"]
[SourceTitle "EXT 2006"]
[Source "ChessBase"]
[SourceDate "2005.11.24"]
[SourceVersion "1"]
[SourceVersionDate "2005.11.24"]
[SourceQuality "1"]

1. e4 c5 2. Nf3 d6 3. d4 cxd4 4. Nxd4 Nf6 5. Nc3 a6 6. Bg5 e6 7. f4 b5 8. e5 dxe5 9. fxe5 Qc7 10. exf6 Qe5+ 11. Be2 Qxg5 12. Qd3 Qxf6 13. Rf1 Qe5 14. Rd1 Ra7 15. Nf3 Qc7 16. Ng5 f5 17. Qd4 Qe7 18. Bh5+ g6 19. Qxh8 Qxg5 20. Bf3 Qh4+ 21. Rf2 Qxh2 22. Rd8+ Kxd8 23. Qxf8+ Kc7 24. Qc5+ Nc6 25. Bxc6 Kb8 26. Qb6+ Bb7 27. Rd2 Qh4+ 28. Kd1 1-0

[Event "Mostoles"]
[Site "Mostoles"]
[Date "2005.06.15"]
[Round "6"]
[White "Picon Rodriguez, Jose"]
[Black "Sanchez Naranjo, Jose Manuel"]
[Result "1/2-1/2"]
[WhiteElo "2074"]
[BlackElo "2140"]
[PlyCount "158"]
[EventDate "2005.05.18"]
[EventType "tourn"]
[EventRounds "10"]
[EventCountry "ESP"]
[SourceTitle "EXT 2006"]
[Source "ChessBase"]
[SourceDate "2005.11.24"]
[SourceVersion "1"]
[SourceVersionDate "2005.11.24"]
[SourceQuality "1"]

1. e4 c5 2. Nf3 Nc6 3. d4 cxd4 4. Nxd4 Nf6 5. Nc3 e5 6. Ndb5 d6 7. Bg5 a6 8. Na3 b5 9. Bxf6 gxf6 10. Nd5 Bg7 11. c3 f5 12. exf5 Bxf5 13. Nc2 Be6 14. Nce3 0-0 15. Bd3 f5 16. Bc2 Rb8 17. Qh5 Qd7 18. g4 Bxd5 19. Nxd5 e4 20. Bb3 Kh8 21. Nf4 Qe8 22. gxf5 Qxh5 23. Nxh5 Rxf5 24. Nxg7 Kxg7 25. Rd1 Rf6 26. Rg1+ Kh6 27. Rg4 e3 28. fxe3 Rbf8 29. Rf4 Ne5 30. Rxd6 Rxd6 31. Rxf8 Nd3+ 32. Kd2 Nxb2+ 33. Kc2 Nc4 34. Bxc4 bxc4 35. Rc8 Re6 36. Rxc4 Rxe3 37. Rh4+ Kg6 38. Kb3 h5 39. Ra4 Rh3 40. Rxa6+ Kf7 41. a4 Ke7 42. Ra5 Rxh2 43. Rd5 Rh1 44. a5 h4 45. Kc4 h3 46. Rh5 h2 47. a6 Ra1 48. Rxh2 Rxa6 49. Rd2 Ra8 50. Rd3 Ke6 51. Kc5 Rb8 52. Kc6 Rc8+ 53. Kb7 Rc4 54. Kb6 Rc8 55. Kb5 Rb8+ 56. Ka4 Ke7 57. c4 Ra8+ 58. Kb4 Rb8+ 59. Kc3 Ra8 60. Rd5 Ke6 61. Kd4 Rc8 62. c5 Rc6 63. Kc4 Rc8 64. Rd6+ Ke7 65. Kb5 Rb8+ 66. Rb6 Rc8 67. Rb7+ Kd8 68. c6 Ra8 69. Kb6 Ra1 70. Rb8+ Ke7 71. Kc7 Rc1 72. Rb6 Rc2 73. Kb7 Kd8 74. Kb8 Rc1 75. Kb7 Rc2 76. Rb5 Ke7 77. c7 Kd7 78. c8Q+ Rxc8 79. Rd5+ Ke6 1/2-1/2

[Event "Mostoles"]
[Site "Mostoles"]
[Date "2005.05.18"]
[Round "1"]
[White "Sanchez Naranjo, Jose Manuel"]
[Black "Picon Rodriguez, Jose"]
[Result "1-0"]
[WhiteElo "2140"]
[BlackElo "2074"]
[PlyCount "77"]
[EventDate "2005.05.18"]
[EventType "tourn"]
[EventRounds "10"]
[EventCountry "ESP"]
[SourceTitle "EXT 2006"]
[Source "ChessBase"]
[SourceDate "2005.11.24"]
[SourceVersion "1"]
[SourceVersionDate "2005.11.24"]
[SourceQuality "1"]

1. e4 c5 2. Nf3 d6 3. d4 cxd4 4. Nxd4 Nf6 5. Nc3 a6 6. f4 Nc6 7. Nxc6 bxc6 8. e5 Bg4 9. Be2 Bxe2 10. Qxe2 dxe5 11. fxe5 Nd5 12. e6 f6 13. Bd2 Qd6 14. 0-0-0 g6 15. h4 Rd8 16. h5 Qe5 17. Qxe5 fxe5 18. hxg6 Nc7 19. Ne4 Nxe6 20. gxh7 Kf7 21. Rdf1+ Kg6 22. Rf3 Bg7 23. Rg3+ Kf7 24. Rf1+ Bf6 25. Nxf6 exf6 26. Rgf3 Nf4 27. Bxf4 exf4 28. Rxf4 Rd6 29. Rh1 Kg6 30. Rg4+ Kf7 31. Ra4 c5 32. Rc4 Rd5 33. b3 Kg6 34. Ra4 Rd6 35. Rg4+ Kf7 36. Kb2 f5 37. Rf4 Kg6 38. g4 Rf6 39. Rxf5 1-0